[Event "Moscow op 03rd"]
[Site "Moscow"]
[Date "2007.02.03"]
[Round "8"]
[White "Erendzhenov, Stanislav"]
[Black "Metlyakhin, Dmitry"]
[Result "0-1"]
[WhiteElo "2405"]
[BlackElo "2199"]
[PlyCount "102"]
[EventDate "2007.01.27"]
[EventType "swiss"]
[EventRounds "9"]
[EventCountry "RUS"]
[SourceTitle "CBM 116 Extra"]
[Source "ChessBase"]
[SourceDate "2007.03.07"]
[SourceVersion "1"]
[SourceVersionDate "2007.03.07"]
[SourceQuality "1"]

1. d4 d5 2. c4 e6 3. Nc3 c5 4. cxd5 cxd4 5. Qxd4 Nc6 6. Qa4 exd5 7. Nf3 Nf6 8. Bg5 Be6 9. Rd1 Qb6 10. Bxf6 gxf6 11. Qb5 Qxb5 12. Nxb5 Bb4+ 13. Nd2 Ke7 14. a3 a6 15. Nc7 Rac8 16. Nxe6 Bxd2+ 17. Kxd2 fxe6 18. e3 Ne5 19. Be2 Rhd8 20. Rc1 Nc4+ 21. Bxc4 dxc4+ 22. Kc2 Rd3 23. Rcd1 Rcd8 24. Rxd3 Rxd3 25. h4 f5 26. Rh3 Kf6 27. Rg3 Rd8 28. h5 b5 29. h6 Rd7 30. Rg8 e5 31. Rc8 Rd6 32. Rc5 e4 33. a4 bxa4 34. Rxc4 Kg5 35. Rxa4 Rxh6 36. Kd2 Rd6+ 37. Kc3 h5 38. g3 Kg4 39. Ra5 Rf6 40. Kd2 Rd6+ 41. Ke2 Rb6 42. Ra2 Rb5 43. Kf1 Kf3 44. Kg1 a5 45. Kh2 a4 46. Kh3 Rb3 47. Rxa4 Kxf2 48. Ra5 Rxe3 49. Rxf5+ Rf3 50. Re5 e3 51. b4 e2 0-1

[Event "Moscow op 03rd"]
[Site "Moscow"]
[Date "2007.02.02"]
[Round "7"]
[White "Metlyakhin, Dmitry"]
[Black "Utkin, Aleksey"]
[Result "0-1"]
[WhiteElo "2199"]
[BlackElo "2374"]
[PlyCount "84"]
[EventDate "2007.01.27"]
[EventType "swiss"]
[EventRounds "9"]
[EventCountry "RUS"]
[SourceTitle "CBM 116 Extra"]
[Source "ChessBase"]
[SourceDate "2007.03.07"]
[SourceVersion "1"]
[SourceVersionDate "2007.03.07"]
[SourceQuality "1"]

1. Nf3 Nf6 2. c4 g6 3. g3 Bg7 4. Bg2 0-0 5. 0-0 d6 6. d4 Nbd7 7. Qc2 e5 8. Rd1 Re8 9. e4 exd4 10. Nxd4 Qe7 11. Nc3 c6 12. h3 a5 13. Bf4 Ne5 14. b3 Nfd7 15. Rd2 Nc5 16. Rad1 a4 17. Be3 axb3 18. axb3 Na6 19. f4 Nb4 20. Qb1 Nd7 21. Bf2 Nc5 22. Nde2 Ra3 23. Bxc5 dxc5 24. Kh2 Ra8 25. Qc1 h5 26. h4 Bg4 27. e5 f6 28. Be4 fxe5 29. Bxg6 Rf8 30. f5 Bxf5 31. Bxf5 Rxf5 32. Rd7 Qf8 33. Ne4 Bh6 34. Qb1 Bg7 35. N2c3 Rf3 36. Ng5 Rf2+ 37. Kg1 Qf5 38. Nce4 Rc2 39. Rf1 Qxd7 40. Rf7 Qd4+ 41. Kh1 Ra1 42. Rxg7+ Kxg7 0-1

[Event "Moscow op 03rd"]
[Site "Moscow"]
[Date "2007.02.01"]
[Round "6"]
[White "Sjugirov, Sanan"]
[Black "Metlyakhin, Dmitry"]
[Result "1-0"]
[WhiteElo "2396"]
[BlackElo "2199"]
[PlyCount "81"]
[EventDate "2007.01.27"]
[EventType "swiss"]
[EventRounds "9"]
[EventCountry "RUS"]
[SourceTitle "CBM 116 Extra"]
[Source "ChessBase"]
[SourceDate "2007.03.07"]
[SourceVersion "1"]
[SourceVersionDate "2007.03.07"]
[SourceQuality "1"]

1. e4 e5 2. Bc4 Nc6 3. d3 Bc5 4. Nf3 h6 5. 0-0 d6 6. c3 Qf6 7. Be3 Bb6 8. Nbd2 Nge7 9. a4 Ng6 10. Bb5 0-0 11. Bxc6 bxc6 12. a5 Bxe3 13. fxe3 Ba6 14. c4 Qe6 15. Qa4 c5 16. b4 cxb4 17. Qxb4 Rab8 18. Qc3 f5 19. exf5 Rxf5 20. Rab1 Rff8 21. Rxb8 Rxb8 22. Ne4 Rf8 23. Qb3 Ne7 24. Ng3 h5 25. Ne4 Kh8 26. Rf2 Qc8 27. Neg5 Bb7 28. c5 Bd5 29. Qd1 g6 30. e4 Bg8 31. Qc1 Kg7 32. cxd6 cxd6 33. Rc2 Qa6 34. Rc7 Re8 35. Qc3 Kh6 36. h4 Qb5 37. d4 Qb3 38. Qc1 Kg7 39. dxe5 dxe5 40. Qc5 Kf8 41. Qxe5 1-0

[Event "Moscow op 03rd"]
[Site "Moscow"]
[Date "2007.01.31"]
[Round "5"]
[White "Soltanici, Ruslan"]
[Black "Metlyakhin, Dmitry"]
[Result "1/2-1/2"]
[WhiteElo "2372"]
[BlackElo "2199"]
[PlyCount "100"]
[EventDate "2007.01.27"]
[EventType "swiss"]
[EventRounds "9"]
[EventCountry "RUS"]
[SourceTitle "CBM 116 Extra"]
[Source "ChessBase"]
[SourceDate "2007.03.07"]
[SourceVersion "1"]
[SourceVersionDate "2007.03.07"]
[SourceQuality "1"]

1. e4 e5 2. Nf3 Nc6 3. Bb5 Bc5 4. 0-0 Nd4 5. Nxd4 Bxd4 6. c3 Bb6 7. d4 c6 8. Ba4 d6 9. dxe5 dxe5 10. Qh5 Qf6 11. Nd2 Bc7 12. Bb3 Qg6 13. Qf3 Nf6 14. h3 0-0 15. Re1 Be6 16. Nf1 Nh5 17. Be3 Bb6 18. Red1 Rad8 19. Bxe6 fxe6 20. Rxd8 Rxd8 21. Bxb6 axb6 22. Rd1 Rxd1 23. Qxd1 h6 24. Qd8+ Kh7 25. Qxb6 Nf4 26. Ng3 Qg5 27. Qe3 h5 28. Qf3 g6 29. Nf1 Qd8 30. Kh2 Kg7 31. g3 Nd3 32. Qd1 c5 33. Ne3 b5 34. b3 b4 35. cxb4 Qd4 36. b5 Qxe4 37. Kg1 c4 38. bxc4 Qd4 39. b6 e4 40. Qb1 Qf6 41. Nd1 h4 42. g4 Qf3 43. b7 Nf4 44. Qb2+ Kh7 45. Ne3 Nxh3+ 46. Kf1 Nf4 47. Kg1 Nh3+ 48. Kf1 Nf4 49. Kg1 Nh3+ 50. Kf1 Nf4 1/2-1/2

[Event "Ilyumzhinov Cup"]
[Site "Internet"]
[Date "2006.05.06"]
[Round "?"]
[White "Kostiukov, Alexandr"]
[Black "Metlyakhin, Dmitry"]
[Result "1-0"]
[WhiteElo "1942"]
[BlackElo "2611"]
[PlyCount "103"]
[EventDate "2006.05.06"]
[EventType "swiss"]
[EventRounds "13"]
[EventCountry "RUS"]
[SourceTitle "CBM 112 Extra"]
[Source "ChessBase"]
[SourceDate "2006.07.14"]
[SourceVersion "1"]
[SourceVersionDate "2006.07.14"]
[SourceQuality "1"]

1. c4 e6 2. g3 d5 3. Bg2 Nf6 4. Nf3 c6 5. b3 Be7 6. 0-0 0-0 7. Bb2 b6 8. d3 Bb7 9. Nc3 Nbd7 10. e4 dxe4 11. dxe4 Qc7 12. Qe2 e5 13. Nh4 Rfe8 14. Nf5 Bf8 15. Rad1 Rad8 16. g4 g6 17. Ng3 Nc5 18. g5 Nfd7 19. Qg4 Ne6 20. Nce2 Bg7 21. h4 Nf4 22. Nxf4 exf4 23. Bxg7 Kxg7 24. Ne2 Ne5 25. Qxf4 Qe7 26. Ng3 c5 27. h5 Rd3 28. h6+ Kg8 29. Rxd3 Nxd3 30. Qe3 Rd8 31. Rd1 Ne5 32. Rd2 Ng4 33. Qf4 Bc8 34. Bh3 Rxd2 35. Qxd2 Ne5 36. Bg2 Bh3 37. f4 Bxg2 38. fxe5 Bh3 39. Qd6 Kf8 40. Qf6 Ke8 41. Kh2 Bd7 42. Kg2 Kd8 43. Kf3 Be6 44. Kf4 Kd7 45. Qxe7+ Kxe7 46. Ne2 Kd7 47. Nc3 Kc6 48. Nd5 a6 49. Nf6 b5 50. cxb5+ axb5 51. Ke3 c4 52. bxc4 1-0

[Event "Ilyumzhinov Cup"]
[Site "Internet"]
[Date "2006.05.06"]
[Round "?"]
[White "Metlyakhin, Dmitry"]
[Black "Gulkov, Igor A"]
[Result "0-1"]
[WhiteElo "2631"]
[BlackElo "2349"]
[PlyCount "130"]
[EventDate "2006.05.06"]
[EventType "swiss"]
[EventRounds "13"]
[EventCountry "RUS"]
[SourceTitle "CBM 112 Extra"]
[Source "ChessBase"]
[SourceDate "2006.07.14"]
[SourceVersion "1"]
[SourceVersionDate "2006.07.14"]
[SourceQuality "1"]

1. Nf3 d5 2. d4 c6 3. c4 Nf6 4. cxd5 cxd5 5. Bf4 Nc6 6. e3 Bf5 7. Nbd2 e6 8. Qb3 Qb6 9. Qxb6 axb6 10. Bb5 Nd7 11. Ke2 Be7 12. Rhc1 Rc8 13. a3 0-0 14. Rc3 Nf6 15. Rac1 Na7 16. Rxc8 Rxc8 17. Rxc8+ Nxc8 18. Bc7 Bd6 19. Bd8 Na7 20. Bd3 Bxd3+ 21. Kxd3 Nd7 22. Bh4 f6 23. Bg3 e5 24. e4 dxe4+ 25. Nxe4 Bb8 26. dxe5 fxe5 27. Kc4 Nf6 28. Nxf6+ gxf6 29. Nd4 Kf7 30. Nb5 Nc6 31. f3 Ke6 32. Bf2 Na5+ 33. Kc3 Kd5 34. Bxb6 Nc4 35. Bf2 Na5 36. a4 e4 37. b4 Nc6 38. fxe4+ Kxe4 39. Kc4 Bxh2 40. Nc3+ Ke5 41. b5 Ne7 42. a5 Ke6 43. g3 Nc8 44. Ne4 Kf5 45. Kd5 Ne7+ 46. Kd4 Nc8 47. a6 bxa6 48. bxa6 Kg4 49. Nxf6+ Kf3 50. Be1 Bg1+ 51. Kd5 h6 52. Ne8 Ne7+ 53. Kd6 Nf5+ 54. Kc7 Nxg3 55. Bxg3 Kxg3 56. Nd6 Kg4 57. Nb7 h5 58. Kc6 h4 59. Nc5 h3 60. a7 h2 61. a8Q h1Q+ 62. Kd6 Qxa8 63. Ne6 Bh2+ 64. Ke7 Qb7+ 65. Kf6 Bg3 0-1

[Event "Ilyumzhinov Cup"]
[Site "Internet"]
[Date "2006.05.06"]
[Round "?"]
[White "Metlyakhin, Dmitry"]
[Black "Hayrapetyan, Arman"]
[Result "0-1"]
[WhiteElo "2590"]
[BlackElo "2396"]
[PlyCount "126"]
[EventDate "2006.05.06"]
[EventType "swiss"]
[EventRounds "13"]
[EventCountry "RUS"]
[SourceTitle "CBM 112 Extra"]
[Source "ChessBase"]
[SourceDate "2006.07.14"]
[SourceVersion "1"]
[SourceVersionDate "2006.07.14"]
[SourceQuality "1"]

1. Nf3 Nf6 2. c4 c5 3. g3 Nc6 4. Bg2 g6 5. 0-0 Bg7 6. d4 cxd4 7. Nxd4 0-0 8. Nc2 d6 9. Nc3 Be6 10. b3 Rc8 11. Qd2 Qd7 12. Rd1 Bh3 13. Bh1 Ng4 14. Bb2 Qf5 15. f3 Nge5 16. Ne3 Qh5 17. Ncd5 Rfe8 18. Rab1 Qh6 19. Nf4 Bd7 20. Ned5 Rcd8 21. Nc7 Rf8 22. e3 Bf5 23. e4 Bc8 24. Ncd5 e6 25. Ne3 f5 26. exf5 gxf5 27. Bg2 Ng6 28. Bxg7 Qxg7 29. Nxg6 Qxg6 30. Nc2 f4 31. g4 e5 32. Re1 h5 33. h3 Kh8 34. Rbd1 Rg8 35. Qd3 Qxd3 36. Rxd3 Rg6 37. Kf2 Rdg8 38. Bf1 hxg4 39. hxg4 Rh6 40. Bg2 Kg7 41. Rh1 Rxh1 42. Bxh1 Rh8 43. Bg2 Rh6 44. Rd1 Kf8 45. Kg1 Ke7 46. Bf1 Be6 47. Bd3 a5 48. Be4 a4 49. Kg2 Rh8 50. Bd5 Bxd5 51. cxd5 axb3 52. axb3 Nb8 53. Ra1 Nd7 54. Ra7 Rc8 55. Nb4 Nc5 56. Kf2 Kf6 57. Ke2 Rh8 58. Kd2 Rh2+ 59. Kc3 Rf2 60. Kc4 Rxf3 61. Nc2 Rxb3 62. g5+ Kxg5 63. Ra8 b5# 0-1